00944 2200313 4500001002100000005001500021035002000036007000300056008004100059020002200100082001400122084001600136100002200152245010400174250002800278300002800306650002700334700002700361504003400388264003400422336002100456337003000477338002300507040002200530090002200552850001200574999002200586990002200608INLIS00000000089932520250904030123 a0010-0925000248ta250904s2025 yoi g ind  a978-623-261-989-004223a005.8 a005.8 ASR c0 aAsroniePengarang10aCyber security dan kriptografi :bteknik, algortima, dan aplikasi /cAsroni; penyunting, Hanita Ayu aCetakan I, Agustus 2025 ax, 148 halaman ;c23 cm 4aKomputer--xPengamanan0 aHanita AyuePenyunting aBibliografi : halaman 147-15031aSleman :bSamudra Biru,c2025 2rdacontentateks 2rdamediaatanpa perantara 2rdacarrieravolume aYOPDYOGbinderda aCB-D.11 2025-2695 aYOPDYOG aCB.D.11/2025-2695 aCB-D.11/2025-2695